| 000 | 00925nam a22002897a 4500 | ||
|---|---|---|---|
| 001 | 32693 | ||
| 003 | BD-RjUL | ||
| 005 | 20211209051900.0 | ||
| 008 | 140428s1940 pk a 001 0 eng | ||
| 035 | _a(BD-RjUL)32783 | ||
| 040 |
_aDLC _cDLC _beng _dBD-RjUL |
||
| 041 | _aeng | ||
| 082 | 0 | 4 |
_220 _a297.211 _bFAM 1940 |
| 100 | 1 |
_aFaruqi, Burhan Ahmad. _999438 |
|
| 245 | 1 | 0 |
_aThe Mujaddid's conception of tawhid / _cby Burhan Ahmad Faruqi ; with a foreword by Syed Zafarul Hasan. |
| 260 |
_aLahore (India) : _bSh. Muhammad Ashraf, _c1940. |
||
| 300 |
_axii, 192 p. ; _c20 cm. |
||
| 500 | _aIncludes index. | ||
| 600 | 0 | 0 |
_aAḥmad Sirhindī, _d1563-1624. _999445 |
| 650 | 0 |
_aGod (Islam) _999440 |
|
| 650 | 0 |
_aSufism. _999441 |
|
| 830 | 0 |
_vitem 07146. _999446 |
|
| 830 | 0 |
_aSAMP early 20th-century Indian books project ; _999447 |
|
| 942 |
_2ddc _cBK |
||
| 999 |
_c32693 _d32693 |
||